000 00246nam a2200109Ia 4500
008 190216s9999||||xx |||||||||||||| ||und||
100 _aJaganath Prasath
245 0 _aHindi-Samarpan
260 _bRavindra Prakash
650 _aHindi
942 _cBK
999 _c15280
_d15280